| 000 | 00712nam a2200253 i 4500 | ||
|---|---|---|---|
| 001 | 146554 | ||
| 003 | ES-MaACL | ||
| 005 | 20230906201558.0 | ||
| 007 | t| | ||
| 008 | 070912s1977 sp ||||1| spa d | ||
| 080 | _a159.955 | ||
| 080 | _a162 | ||
| 100 | 1 |
_aToulmin, Stephen Edelston. _9111127 |
|
| 245 | 1 | 3 |
_aLa comprensión humana / _cStephen Toulmin ; versión de Néstor Míguez. |
| 260 |
_a[Madrid : _bAlianza, _c1977] |
||
| 300 |
_a1 v. ; _c20 cm. |
||
| 490 | 1 | _aAlianza Universidad | |
| 650 | 4 |
_aRazón. _916678 |
|
| 650 | 1 | 4 |
_aRaciocinio. _916643 |
| 700 | 1 |
_aMíguez, Néstor. _981054 |
|
| 830 | 0 |
_aAlianza Universidad _9177276 |
|
| 852 |
_aES-MaACL _jA-7802 _bR.96706 |
||
| 999 |
_c146554 _d146554 |
||